[Event "Barcelona Amateurs 04"]
[Site "Barcelona"]
[Date "2021.04.08"]
[Round "4"]
[White "Usobiaga Ferrer, Enrique"]
[Black "Tevar Lopez, Fernando"]
[Result "1-0"]
[WhiteElo "1370"]
[BlackElo "1587"]
[PlyCount "143"]
[EventDate "2021.04.05"]
[EventType "tourn"]
[EventRounds "9"]
[EventCountry "ESP"]
[SourceTitle "EXT 2022"]
[Source "ChessBase"]
[SourceDate "2021.10.06"]
[SourceVersion "1"]
[SourceVersionDate "2021.10.06"]
[SourceQuality "1"]

1. e4 c5 2. Nf3 d6 3. d4 cxd4 4. Nxd4 Nf6 5. Nc3 a6 6. Bd3 e6 7. 0-0 Be7 8. Be3 Qc7 9. f4 Nbd7 10. f5 e5 11. Nf3 b5 12. Qe1 Bb7 13. Bg5 h6 14. Bxf6 Nxf6 15. Qg3 0-0 16. Rfe1 Nh5 17. Qf2 d5 18. Qd2 dxe4 19. Nxe4 Rfd8 20. Kh1 Nf4 21. f6 gxf6 22. Nh4 Qd7 23. Rad1 f5 24. Qf2 fxe4 25. Bxe4 Qc7 26. Qg3+ Kh8 27. Nf5 Rg8 28. Qf3 Bxe4 29. Qxe4 Bf6 30. Nxh6 Rg6 31. Qxa8+ Kh7 32. Nf5 Rxg2 33. Qe4 Qxc2 34. Nd6+ Qxe4 35. Nxe4 Bh4 36. Ng3 f6 37. Rd7+ Kg6 38. Rb1 f5 39. Rd6+ Kg5 40. Rxa6 Kg4 41. a4 bxa4 42. Rxa4 Kh3 43. Nxf5 Rxh2+ 44. Kg1 Ne2+ 45. Kf1 Ng3+ 46. Nxg3 Bxg3 47. Raa1 e4 48. b4 e3 49. Rb3 Rh1+ 50. Ke2 Rxa1 51. Kxe3 Kg4 52. Ke4 Re1+ 53. Kd5 Kf5 54. Rxg3 Rb1 55. Kc5 Rc1+ 56. Kb5 Ke6 57. Rd3 Ke5 58. Kb6 Rh1 59. b5 Rh6+ 60. Ka5 Ke4 61. Rd8 Rh1 62. Ka6 Ra1+ 63. Kb7 Ke5 64. b6 Ke6 65. Rd4 Ke7 66. Rc4 Kd7 67. Kb8 Kd8 68. b7 Kd7 69. Rd4+ Ke7 70. Rd5 Ke8 71. Kc7 Rc1+ 72. Kb6 1-0

[Event "Barcelona La Lira op 37th"]
[Site "Barcelona"]
[Date "2019.02.22"]
[Round "6"]
[White "Tevar Lopez, Fernando"]
[Black "Costa Trave, Jaume"]
[Result "1-0"]
[WhiteElo "1667"]
[BlackElo "1853"]
[PlyCount "85"]
[EventDate "2019.01.18"]
[EventType "swiss"]
[EventRounds "8"]
[EventCountry "ESP"]
[SourceTitle "CBM 189 Extra"]
[Source "ChessBase"]
[SourceDate "2019.06.03"]
[SourceVersion "1"]
[SourceVersionDate "2019.06.03"]
[SourceQuality "1"]

1. e4 e6 2. d4 d5 3. Nc3 Bb4 4. e5 c5 5. a3 Bxc3+ 6. bxc3 Qa5 7. Bd2 c4 8. Qg4 g6 9. Ne2 Qa4 10. Kd1 Na6 11. h4 h5 12. Qg5 Bd7 13. g3 Nc7 14. Bh3 Nb5 15. Bc1 Qa5 16. Bb2 Qb6 17. a4 Nxd4 18. Nxd4 Qxb2 19. Kd2 Qb6 20. Rhb1 Qc7 21. f4 Ne7 22. a5 Nc6 23. Nb5 Qd8 24. Nd6+ Kf8 25. Rxb7 Qxg5 26. hxg5 Ke7 27. a6 Nd8 28. Rc7 Rf8 29. Bg2 f6 30. Nxc4 fxg5 31. Ke3 gxf4+ 32. gxf4 Rc8 33. Rxc8 Bxc8 34. Nd6 Nf7 35. Nxf7 Kxf7 36. Bf1 Rd8 37. Bd3 Rg8 38. Rb1 Kg7 39. Rb8 Kh6 40. Ra8 h4 41. Rxa7 g5 42. fxg5+ Rxg5 43. Rh7# 1-0